000 02632nam a2200217 u 4500
001 000003238
003 DO-SdBNP
005 20250714133325.0
008 090707s2004 dr a r 001 0 spa d
020 _a9993430722
040 _aDO-SdBNP
_bspa
_cBNPHU
245 0 0 _aCooperativismo y administración :
_bun reto en el nuevo milenio /
_cpresentación Claudio Lugo Pérez.
260 _aSanto Domingo :
_bBanco Central de la República Dominicana,
_c2004.
300 _a141 p. :
_bil. ;
_c28 cm.
504 _aBibliografía: p. 137-140
505 0 _aLa Cooperativización, antecedentes, desarrollo y perspectivas -- Cooperación y cooperativización -- Antecedentes de la cooperativización moderna -- La revolución industrial y la cooperativización. Los precursores del cooperativismo -- Rochdale. Punto de inflexión del cooperativismo -- El movimiento cooperativo internacional en la actualidad. La experiencia europea -- El cooperativismo en Estados Unidos y Canadá -- El cooperativismo en los países exsocialistas -- El cooperativismo en Asia y Africa -- Economía social y cooperativismo en la realidad latinoamericana, una alternativa a la globalización neoliberal. Economía social. Una definición -- Cooperativismo en América Latina -- Cooperativismo en el modelo cubano de desarrollo -- El capital norteamericano en Cuba. El latifundio y el minifundio -- Leyes de reforma agraria. Primera ley de reforma agraria -- Transformación de la pequeña producción mercantil en Cuba.
505 0 _aEtapa. Cooperativismo en Cuba. II Etapa. La cooperativización en desarrollo -- III Etapa. El cooperativismo en la reforma económica -- El cooperativismo en Latinoamérica. Retos y perspectivas ante la globalización neoliberal. En resumen -- Pérdida de la naturaleza yesencia de las cooperativas -- Peculiaridades de la administración de empresas cooperativas -- Principales problemas en la adminsitración en las empresas cooperativas en Latinoamérica -- Cooperativismo agropecuario muy débil -- Marco legal inadecuado y deterioro de las relaciones Estado-cooperativas -- Deficientes procesos de educación cooperativa. Falta de integración -- La gerencia estratégica de costos como una herramienta para desarrollar una ventaja competitiva en las empresas cooperativas -- La contabilidad como ciencia . La contabilidad de gestión en la actividad cooperativa -- Gerencia estratégica de costos. Análisis de la cadena de valor -- Concepto de posicionamiento estratégico.
700 1 _aLugo Pérez, Claudio
_epresentación
_910211
710 2 _aBanco Central de la República Dominicana
_983405
942 _2ddc
_cLBS1
999 _c3069
_d3069